5HLuxD.jpg

KING HENRY VIII SENIOR AND PRIMARY SCHOOL LIBRARY OPAC

Complete mathematics for Cambridge IGCSE: (Record no. 3074)

000 -LEADER
fixed length control field 01897nam a2200457 i 4500
001 - CONTROL NUMBER
control field 020751600
003 - CONTROL NUMBER IDENTIFIER
control field UkOxU
005 - DATE AND TIME OF LATEST TRANSACTION
control field 20231002100148.0
006 - FIXED-LENGTH DATA ELEMENTS--ADDITIONAL MATERIAL CHARACTERISTICS
fixed length control field m || | |
007 - PHYSICAL DESCRIPTION FIXED FIELD--GENERAL INFORMATION
fixed length control field co |||||||||||
008 - FIXED-LENGTH DATA ELEMENTS--GENERAL INFORMATION
fixed length control field 160902m20162017enka 001|0|eng|d
015 ## - NATIONAL BIBLIOGRAPHY NUMBER
National bibliography number GBB6C7166
Source bnb
016 7# - NATIONAL BIBLIOGRAPHIC AGENCY CONTROL NUMBER
Record control number 018008649
Source Uk
020 ## - INTERNATIONAL STANDARD BOOK NUMBER
International Standard Book Number 9780198378389
Qualifying information Teacher resource pack
035 ## - SYSTEM CONTROL NUMBER
System control number (Uk)018008649
040 ## - CATALOGING SOURCE
Original cataloging agency StDuBDS
Language of cataloging eng
Description conventions rda
Transcribing agency StDuBDS
Modifying agency UkOxU
-- KH8
082 04 - DEWEY DECIMAL CLASSIFICATION NUMBER
Classification number 510 RAY
Edition number 23
100 1# - MAIN ENTRY--PERSONAL NAME
Personal name Rayner, David,
Dates associated with a name 1949 April 23-
Relator term author.
245 10 - TITLE STATEMENT
Title Complete mathematics for Cambridge IGCSE:
Remainder of title Teacher Resources Pack,
Name of part/section of a work Core /
Statement of responsibility, etc. David Rayner.
250 ## - EDITION STATEMENT
Edition statement Fourth edition.
264 #1 - PRODUCTION, PUBLICATION, DISTRIBUTION, MANUFACTURE, AND COPYRIGHT NOTICE
Place of production, publication, distribution, manufacture Oxford :
Name of producer, publisher, distributor, manufacturer Oxford University Press,
Date of production, publication, distribution, manufacture, or copyright notice 2016-2017.
264 #4 - PRODUCTION, PUBLICATION, DISTRIBUTION, MANUFACTURE, AND COPYRIGHT NOTICE
Date of production, publication, distribution, manufacture, or copyright notice ©2016-2017
300 ## - PHYSICAL DESCRIPTION
Extent 2 volumes :
Other physical details illustrations (colour) ;
Dimensions 25-28 cm +
Accompanying material 1 CD-ROM
336 ## - CONTENT TYPE
Content type term text
Source rdacontent
336 ## - CONTENT TYPE
Content type term still image
Source rdacontent
337 ## - MEDIA TYPE
Media type term unmediated
Source rdamedia
337 ## - MEDIA TYPE
Media type term computer
Source rdamedia
338 ## - CARRIER TYPE
Carrier type term volume
Source rdacarrier
338 ## - CARRIER TYPE
Carrier type term computer disc
Source rdacarrier
347 ## - DIGITAL FILE CHARACTERISTICS
File type text file
Source rda
500 ## - GENERAL NOTE
General note Teacher resource pack accompanied by CD-ROM in pocket attached to inside front cover.
500 ## - GENERAL NOTE
General note "For the updated syllabus".
500 ## - GENERAL NOTE
General note "For the updated syllabus".
500 ## - GENERAL NOTE
General note Includes CD-ROM in pocket attached to inside back cover.
500 ## - GENERAL NOTE
General note Includes index.
505 0# - FORMATTED CONTENTS NOTE
Formatted contents note Student book / David Rayner -- Teacher resource pack / Ian Bettison.
520 ## - SUMMARY, ETC.
Summary, etc. The new edition of the Teacher Resource Pack offers expert support for the latest Cambridge IGCSE Mathematics syllabus (0580) Core Level. It is packed with resources to enhance your lessons including lesson plans, customisable PowerPoints and Workbooks, Student Book answers and additional exam<br/>practice.
650 #0 - SUBJECT ADDED ENTRY--TOPICAL TERM
Topical term or geographic name entry element Mathematics
General subdivision Examinations
Form subdivision Study guides.
700 1# - ADDED ENTRY--PERSONAL NAME
Personal name Bettison, Ian,
Relator term author.
942 ## - ADDED ENTRY ELEMENTS (KOHA)
Source of classification or shelving scheme
Koha item type Teaching Resources
Holdings
Withdrawn status Lost status Source of classification or shelving scheme Damaged status Not for loan Collection code Permanent Location Current Location Shelving location Date acquired Full call number Barcode Date last seen Price effective from Koha item type
          Teaching Resources KH8 Senior School Library KH8 Senior School Library Staff Office 2023-10-02 510 RAY TRKHSL003902 2023-10-02 2023-10-02 Teaching Resources

Powered By KH8 IT Dept